00982nam a22002417a 4500999001300000001000600013003000900019005001700028008004100045020001500086040002800101082002500129245008500154260006700239300002800306504004100334520005600375650003000431700002100461942001200482952012300494952012300617 c798d79810641BD-DhUAP20200128110002.0200128s2006 bg b 000 0 eng  a9848295070 aDLCcDLCdBD-DhUAPbEng 223a341.48095492 HUM00aHuman rights and domestic implementation mechanism / cEdited by Mizanur Rahman. aDhaka :bEmpowerment through Law of the Common People, c2006. aix, 323 pages ;c26 cm. aIncludes bibliographical references. aContributed articles; with reference to Bangladesh. 0aHuman rightszBangladesh.1 aRahman, Mizanur. 2ddccBK 00102ddc4070aUAPCLbUAPCLcGeneral Stacksd2020-01-28o341.48095492 HUMp3010010641r2020-01-28t1w2020-01-28yBK 00102ddc4070aUAPCLbUAPCLcGeneral Stacksd2020-01-28o341.48095492 HUMp3010010640r2020-01-28t2w2020-01-28yBK